01652nam a2200325 a 4500001001300000003000900013005001700022008004100039020001800080040002800098082002200126111009900148245022400247260005000471300006200521650005600583650005600639650006100695650004500756650006800801650005800869650007300927700005601000700004901056700003801105700004001143942000801183999001701191952011801208C01476999c-5CO-ViMGA20230915234239.0150417s2013 ck a gr 00010 spa d a9789587531138 aCO-ViMGAbspacCO-ViMGA04a709.86bS15g 2202 aSalón (inter) Nacional de Artistas "Saberdesconocer" (d2013 : cMedellín, Colombia)9681010aGuía a lo desconocido / c43 Salón (inter) Nacional de Artistas "Saberdesconocer", Colombia, Medellín, septiembre 6 a noviembre 3, 2013 ; traducciones Ana María Avellaneda, Andrew Ütt, Jimmy Weiskopf [y otro]. aMedellín : bMinisterio de Cultura, c2013. a355 páginas : bilustraciones, fotografías ; c21 cm.14aArte colombianov Exposicionesv Catálogos.9136714aArte conceptualv Exposicionesv Catálogos.9681314aArte contemporáneov Exposicionesv Catálogos.9136914aArtev Exposicionesv Catálogos.9681114aArtex Historia y críticav Exposicionesv Catálogos.9681214aArtistas plásticos colombianosv Entrevistas.9681414aArtistas plásticos colombianosv Exposicionesv Catálogos.968151 aAlbarracín, Víctor, d1974-, etraductor.968361 aAvellaneda, Ana María, etraductora.968341 aÜtt, Andrew, etraductor.968371 aWeiskopf, Jimmy, etraductor.96835 2ddc c37601d37601 001040708003aMEVIECARbMEVIECARd2016-10-14l0o709.86 S15gp31295r2016-10-14 00:00:00tEj.1w2016-10-14yBK